Compitiendo por el futuro (Registro nro. 4724)

Detalles MARC
000 -LEADER
fixed length control field 01168 a2200229 4500
001 - CONTROL NUMBER
control field 48787
005 - DATE AND TIME OF LATEST TRANSACTION
control field 20260407155754.0
008 - FIXED-LENGTH DATA ELEMENTS--GENERAL INFORMATION
fixed length control field 260407a1995 arg spa d
003 - CONTROL NUMBER IDENTIFIER
control field AR-UNSa-BCEJYS
040 ## - CATALOGING SOURCE
Original cataloging agency AR-UNSa-BCEJYS
Language of cataloging spa
Transcribing agency AR-UNSa-BCEJYS
080 ## - UNIVERSAL DECIMAL CLASSIFICATION NUMBER
Universal Decimal Classification number 658.11
Common auxiliary subdivision Clases y formas de las empresas( pequeñas y medianas empresas...Pymes)
020 ## - INTERNATIONAL STANDARD BOOK NUMBER
International Standard Book Number 950-9122-36-X
100 1# - MAIN ENTRY--PERSONAL NAME
Personal name Hamel, Gary
245 10 - TITLE STATEMENT
Title Compitiendo por el futuro
Name of part/section of a work estrategia crucialpara crear los mercados del mañana
264 #1 - PRODUCTION, PUBLICATION, DISTRIBUTION, MANUFACTURE, AND COPYRIGHT NOTICE
Place of production, publication, distribution, manufacture Barcelona :
Name of producer, publisher, distributor, manufacturer Ariel
Date of production, publication, distribution, manufacture, or copyright notice 1995
300 ## - PHYSICAL DESCRIPTION
Extent 413 p.
Dimensions 22 cm.
505 ## - FORMATTED CONTENTS NOTE
Formatted contents note 1. Salir de la rutina - 2. En qué se diferencia la competencia por el futuro - 3. Aprender a olvidar - 4. Competir para prever el futuro de la industria - 5. Forjar una arquitectura estratégica - 6. La estrategia como reto - 7. La estrategia como apalancamiento - 8. Competir para configurar el futuro - 9. Construir puertas de acceso al futuro - 10. Insertar la perspectiva de las competencias esenciales - 11. Asegurar el futuro - 12. Pensar en forma diferente.
590 ## - LOCAL NOTE (RLIN)
Local note niveau_biblio:m niveau_hierar:0
700 1# - ADDED ENTRY--PERSONAL NAME
Personal name Prahalad, C. K.
700 1# - ADDED ENTRY--PERSONAL NAME
Personal name Rabasco, Esther
942 ## - ADDED ENTRY ELEMENTS (KOHA)
Koha item type
Existencias
Withdrawn status Lost status Damaged status Not for loan Home library Current library Shelving location Date acquired Total checkouts Full call number Barcode Date last seen Price effective from Koha item type
        Biblioteca Prof. Eusebio Cleto del Rey Biblioteca Prof. Eusebio Cleto del Rey   07/04/2026   658.11 H212 L86624 07/04/2026 07/04/2026 Libro
        Biblioteca Prof. Eusebio Cleto del Rey Biblioteca Prof. Eusebio Cleto del Rey   07/04/2026   658.11 H212 L116791 07/04/2026 07/04/2026 Libro
        Biblioteca Prof. Eusebio Cleto del Rey Biblioteca Prof. Eusebio Cleto del Rey   07/04/2026   658.11 H212 L116790 07/04/2026 07/04/2026 Libro